000 00525nam a2200157 i 4500
001 180958
003 ES-MaACL
005 20230906221229.0
008 120912s1987 cl |||| | spa d
100 1 _aRivacoba y Rivacoba, Manuel de.
_997535
245 1 0 _aPrograma de un curso sobre el derecho penal en el siglo XVIII /
_cManuel de Rivacoba y Rivacoba.
260 _aValparaíso :
_bEdeval,
_c1987.
300 _a17 p. ;
_c19 cm.
650 4 _aDerecho penal-
_vProgramas de estudio.
_9170029
852 _aES-MaACL
_j2316-F-2
999 _c180958
_d180958